000 00986cab a2200217 4500
001 ABS43226
008 090401t1990 xxu||||| |||| 00| 0 eng d
035 _a(Sirsi) u40917
041 _aeng
245 _a139 Finborough Road Management Ltd v Mansoor
260 _c1990
350 _a0
490 _aEstates Gazette
_v(1990) 32 EG 55-56(2)
520 _aLondon Rent Assessment Panel 21 June 1990. Application under Landlord and Tenant Act 1987 s31 to determine the landlord`s interest in the premises, the freehold of which tenants were to acquire because the landlord failed to fulfil his covenant obligations. The date of valuation for the landlord`s interest was decided as the date of the hearing. First case under s31 of the Act.
650 _aFREEHOLD INTEREST
650 _aLANDLORDS INTEREST
650 _aBUILT ENVIRONMENT-BUILDING MAINTENANCE AND REFURBISHMENT
690 _aLANDLORD AND TENANT-CASE LAW-RESIDENTIAL TENANCIES
942 _n0
948 _c04/03/1997
999 _c26236
_d26236